<?xml version="1.0" encoding="UTF-8"?>
<record
    xmlns:xsi="http://www.w3.org/2001/XMLSchema-instance"
    xsi:schemaLocation="http://www.loc.gov/MARC21/slim http://www.loc.gov/standards/marcxml/schema/MARC21slim.xsd"
    xmlns="http://www.loc.gov/MARC21/slim">

  <leader>00812nam a22001937a 4500</leader>
  <datafield tag="999" ind1=" " ind2=" ">
    <subfield code="c">146765</subfield>
    <subfield code="d">146765</subfield>
  </datafield>
  <controlfield tag="005">20230512123745.0</controlfield>
  <datafield tag="010" ind1=" " ind2=" ">
    <subfield code="a">UR-9825</subfield>
  </datafield>
  <datafield tag="020" ind1="6" ind2=" ">
    <subfield code="c">85.00</subfield>
  </datafield>
  <datafield tag="035" ind1=" " ind2=" ">
    <subfield code="a">U-8380</subfield>
  </datafield>
  <datafield tag="037" ind1=" " ind2=" ">
    <subfield code="b">DBAD/PUB</subfield>
  </datafield>
  <datafield tag="082" ind1=" " ind2=" ">
    <subfield code="a">270</subfield>
  </datafield>
  <datafield tag="100" ind1=" " ind2=" ">
    <subfield code="a">&#x645;&#x62D;&#x645;&#x62F; &#x641;&#x627; &#x631; &#x648; &#x642; &#x62E;&#x627; &#x646;       </subfield>
  </datafield>
  <datafield tag="245" ind1=" " ind2=" ">
    <subfield code="a">&#x622; &#x62E;&#x631; &#x62A; &#x6A9;&#x6D2; &#x633;&#x627; &#x6D2; &#x645;&#x6CC;&#x6BA; /  </subfield>
    <subfield code="c">&#x645;&#x62D;&#x645;&#x62F; &#x641;&#x627; &#x631; &#x648; &#x642; &#x62E;&#x627; &#x646;  </subfield>
  </datafield>
  <datafield tag="246" ind1=" " ind2=" ">
    <subfield code="a">Aakhirat ke Saye mein /</subfield>
    <subfield code="b">by Farooq Khan                                                                                                                                       </subfield>
  </datafield>
  <datafield tag="260" ind1=" " ind2=" ">
    <subfield code="a">New  Delhi       </subfield>
    <subfield code="b">Merkazi Maktaba Islami Publishers</subfield>
    <subfield code="c">2013</subfield>
  </datafield>
  <datafield tag="270" ind1=" " ind2=" ">
    <subfield code="a">D307,Dawat Nagar,Abul Fazal Enclave,Jamia Nagar ,</subfield>
    <subfield code="b">New  Delhi </subfield>
    <subfield code="e">110025</subfield>
    <subfield code="k">01126971652</subfield>
    <subfield code="l">-</subfield>
  </datafield>
  <datafield tag="300" ind1=" " ind2=" ">
    <subfield code="a">206 &#x635;</subfield>
    <subfield code="c">22cm(Hb)     </subfield>
  </datafield>
  <datafield tag="942" ind1=" " ind2=" ">
    <subfield code="2">ddc</subfield>
    <subfield code="c">UR</subfield>
    <subfield code="h">270</subfield>
    <subfield code="m">&#x645; &#x62D; &#x645;   </subfield>
    <subfield code="e"> </subfield>
  </datafield>
  <datafield tag="952" ind1=" " ind2=" ">
    <subfield code="0">0</subfield>
    <subfield code="1">0</subfield>
    <subfield code="4">0</subfield>
    <subfield code="7">0</subfield>
    <subfield code="8">NFIC</subfield>
    <subfield code="a">BL4</subfield>
    <subfield code="b">BL4</subfield>
    <subfield code="d">2017-10-23</subfield>
    <subfield code="e">DBAD/PUB.</subfield>
    <subfield code="g">85.00</subfield>
    <subfield code="l">1</subfield>
    <subfield code="o">270 &#x645; &#x62D; &#x645;</subfield>
    <subfield code="p">U-8380</subfield>
    <subfield code="r">2026-04-04 10:36:39</subfield>
    <subfield code="s">2026-04-04</subfield>
    <subfield code="t">1</subfield>
    <subfield code="v">85.00</subfield>
    <subfield code="y">UR</subfield>
  </datafield>
</record>
